000 01125nam a22002777a 4500
005 20170525020001.0
008 130319s2012 ck abdo rt 000 0 spa d
020 _a9789587320985
040 _aCO-BoPUJ
_cCO-BoIAVH
041 0 _aspa
044 _ack
082 0 4 _a306.0986
_bV87v
245 0 0 _aVoces, perspectivas y miradas del Pacífico /
_ccompiladora Rosa Elizabeth Tabares Trujillo
250 _a1a ed.
260 _aPopayán :
_bUniversidad del Cauca,
_c2012.
300 _a773 p.
_bil., fotos, gráficas y mapas
_c24 cm.
504 _aIncluye referencias bibliográficas.
650 1 4 _aMulticulturalismo
_zPacífico (Región, Colombia)
_vInvestigaciones
_931751
650 2 4 _aJuegos infantiles
_zPacífico (Región, Colombia)
_931752
650 2 4 _aMedicina tradicional
_zPacífico (Región, Colombia)
_931753
650 2 4 _aIndígenas de Colombia
_zPacífico (Región, Colombia)
_931754
651 4 _aPacífico (Región, Colombia)
_xCondiciones sociales
_931755
651 4 _aGuapi (Cauca, Colombia)
_xCondiciones sociales
_931756
700 1 _aTabares-Trujillo, Rosa Elizabeth
_eComp.
_931757
942 _2ddc
_cLIBRO
_01
999 _c9012
_d9012